Variedad

Saved in:
Bibliografiske detaljer
Hovedforfatter: Valery, Paul (Author)
Format: Bog
Sprog:spansk
Udgivet: Buenos Aires Losada 1956
Fag:
Tags: Tilføj Tag
Ingen Tags, Vær først til at tagge denne postø!

MARC

LEADER 00000nam a2200000 a 4500
001 UCX6835
003 CL-VaPUC
008 930824e19560000AG |||||||||||||||||spa|d
082 0 4 |a 844  |b VAL  |2 21 
100 0 |a Valery, Paul  |e author  |9 320134 
245 1 0 |a Variedad 
300 |a 2 v 
942 |c BK 
945 |d 19930824 00:00:00  |a rbrito 
260 |a Buenos Aires  |b Losada  |c 1956 
500 |a v.1: Estudios literarios, estudios filosoficos 
500 |a v.2: Ensayos casi politicos, teoria poetica y estetica, memorias del poeta 
600 0 7 |a VALERY, PAUL  |2 CL-VaPUC  |9 320134 
583 |a last modification  |c 19930824 00:00:00  |k Rodrigo Vera 
999 |c 226784  |d 226782 
952 |0 0  |1 0  |4 0  |6 844_000000000000000_VAL_1956  |7 0  |8 A  |9 225387  |a BIBEDU  |b BIBEDU  |d 2019-11-15  |h v.1  |i 2940868  |l 1  |m 1  |o 844 VAL 1956  |p 2940868  |r 2022-10-17  |s 2022-10-03  |w 2019-11-15  |y BK  |k LIT 
952 |0 0  |1 0  |4 0  |6 844_000000000000000_VAL_1956  |7 0  |8 A  |9 225388  |a BIBEDU  |b BIBEDU  |d 2019-11-15  |h v.2  |i 2940876  |o 844 VAL 1956  |p 2940876  |r 2019-11-15  |w 2019-11-15  |y BK  |k LIT